Plan nacional de juventud, 2004-2006
Guardat en:
| Autor corporatiu: | |
|---|---|
| Format: | Llibre |
| Idioma: | espanyol |
| Publicat: |
Santiago
Instituto Nacional de la Juventud
2004
|
| Matèries: | |
| Etiquetes: |
Afegir etiqueta
Sense etiquetes, Sigues el primer a etiquetar aquest registre!
|
MARC
| LEADER | 00000nam a2200000 a 4500 | ||
|---|---|---|---|
| 001 | UCK1001 | ||
| 003 | CL-VaPUC | ||
| 008 | 041029e20040000CL |||||||||||||||||spa|d | ||
| 082 | 0 | 4 | |a 362.7083 |b GOB |2 21 |
| 110 | 2 | |a Gobierno de Chile |e author |9 488817 | |
| 245 | 1 | 0 | |a Plan nacional de juventud, 2004-2006 |
| 300 | |a 39 p | ||
| 942 | |c BK | ||
| 945 | |d 20041029 00:00:00 |a cmena | ||
| 260 | |a Santiago |b Instituto Nacional de la Juventud |c 2004 | ||
| 650 | 0 | |a Política social |9 257588 | |
| 650 | 0 | |a Política gubernamental |9 262286 | |
| 650 | 0 | |a Juventud |9 271073 | |
| 650 | 0 | |a Problemas sociales |9 258537 | |
| 650 | 0 | |a Acción social |9 307836 | |
| 651 | 7 | |a CHILE |2 CL-VaPUC |9 488818 | |
| 583 | |a last modification |c 20160913 11:07:22 |k Rodrigo Vera | ||
| 999 | |c 311138 |d 311136 | ||
| 952 | |0 0 |1 0 |4 0 |6 362_708300000000000_GOB_2004 |7 0 |8 A |9 380414 |a BIBGIM |b BIBGIM |d 2019-11-21 |i 4072758 |o 362.7083 GOB 2004 |p 4072758 |r 2025-01-15 |w 2019-11-21 |y BK |k GIM | ||